=LDR 00000nam 2200000 4500 =001 INLIS000000000027538 =005 20130612125915 =008 ***********************************Ind** =035 ##$$0010-061300000027538 =041 ##$$a Ind =082 ##$$a 628.16 =090 ##$$a 628.16, Ala m =100 ##$$a Alamsyah,Sujana =245 ##$$a Merakit sendiri alat penjernih air untuk rumah tangga, Sujana Alamsyah =260 ##$$a 2006 $b Jakarta =300 ##$$a viii,54 hlm, ilus, 22 cm =650 ##$$a Air-Alat penjernihan =850 ##$$a NBPNMAT =990 ##$$a 21602258/BPAP-NTB/2017